000 00296nam a22001337a 4500
008 171020b xxu||||| |||| 00| 0 eng d
020 _a0827353170
041 _aeng
080 _24TH
_a338
100 _a54
101 _aMEN
245 _aHEALTH CARE ECONOMICS
_cFELDSTEIN,P.J
942 _2udc
_cBK
999 _c35049
_d35049